Learn day/month in Polish - Statistics

General Stats
  • This quiz has been taken 9 times
  • The average score is 14 of 19
Answer Stats
English Polish % Correct
February Luty
100%
Mai Maj
86%
Sunday Niedziela
86%
Friday Piątek
86%
August Sierpień
86%
Saturday Sobota
86%
Thursday Czwartek
71%
December Grudzień
71%
April Kwiecień
71%
July Lipiec
71%
November Listopad
71%
March Marzec
71%
Monday Poniedziałek
71%
Wednesday Środa
71%
January Styczeń
71%
June Czerwiec
57%
October Październik
57%
September Wrzesień
57%
Tuesday Wtorek
57%
No matching quizzes found
Score Distribution
Percent of People with Each Score
Percentile by Number Answered
Your Score History
You have not taken this quiz